| 000 | 00372nam a2200133Ia 4500 | ||
|---|---|---|---|
| 008 | 151021s9999 xx 000 0 und d | ||
| 020 | _a9.7899662516e+012 | ||
| 050 | _aPZ 4.K 2002 | ||
| 245 | _a_Before the rooster crows Peter Kimani | ||
| 260 | _aNairobi East African Educational 2002 | ||
| 300 | _a174p. | ||
| 650 | _a_Novel | ||
| 980 | _a^d20140203 10:49:48^okorir | ||
| 999 |
_c14302 _d14302 |
||